[Event "Toronto op"]
[Site "Toronto CAN"]
[Date "2019.09.01"]
[Round "4.2"]
[White "Humphreys, Michael"]
[Black "Chiku-Ratte, Olivier-Kenta"]
[Result "0-1"]
[WhiteElo "2332"]
[BlackElo "2461"]
[PlyCount "100"]
[EventDate "2019.08.31"]
[EventType "swiss"]
[EventRounds "6"]
[EventCountry "CAN"]

1. Nf3 Nf6 2. c4 g6 3. b3 Bg7 4. Bb2 O-O 5. g3 d6 6. Bg2 c5 7. O-O Nc6 8. Nc3
Bf5 9. Rc1 Qa5 10. d3 a6 11. Qd2 Rfc8 12. Nd5 Qxd2 13. Nxd2 Nxd5 14. Bxg7 Ndb4
15. Bb2 Nxa2 16. Ra1 Nab4 17. Rfc1 Rab8 18. Bc3 Nd4 19. Bxd4 cxd4 20. Nf3 e5
21. Nd2 Kf8 22. Ra4 Nc6 23. Rb1 Nd8 24. b4 Bd7 25. Ra5 Ke7 26. Ra2 Ne6 27. b5
Nc5 28. Ne4 axb5 29. cxb5 Nxe4 30. Bxe4 Be6 31. Rab2 d5 32. Bg2 Ra8 33. b6 Ra5
34. f4 f6 35. Rb5 Rxb5 36. Rxb5 Rc1+ 37. Kf2 Kd6 38. Rb2 Rc3 39. Ra2 e4 40. Ra8
exd3 41. exd3 Rxd3 42. Rd8+ Kc5 43. f5 Bxf5 44. Rxd5+ Kxb6 45. Ke2 Re3+ 46. Kf2
Rd3 47. Ke2 h5 48. Rd6+ Kc7 49. Rxf6 Re3+ 50. Kd2 Rb3 0-1

[Event "Toronto op"]
[Site "Toronto CAN"]
[Date "2019.09.02"]
[Round "5.2"]
[White "Chiku-Ratte, Olivier-Kenta"]
[Black "Migot, Tangi"]
[Result "1/2-1/2"]
[WhiteElo "2461"]
[BlackElo "2472"]
[PlyCount "224"]
[EventDate "2019.08.31"]
[EventType "swiss"]
[EventRounds "6"]
[EventCountry "CAN"]

1. d4 d5 2. c4 e6 3. Nc3 c5 4. cxd5 exd5 5. Nf3 Nc6 6. g3 Nf6 7. Bg2 Be7 8. O-O
O-O 9. dxc5 Bxc5 10. Na4 Be7 11. Be3 Bg4 12. Rc1 Qd7 13. Nc5 Bxc5 14. Bxc5 Rfe8
15. Re1 Bh3 16. Bh1 Ne4 17. Be3 Rad8 18. Nd4 Ne5 19. f3 Nf6 20. b3 Ng6 21. Qd2
h5 22. Bg5 Qd6 23. Bg2 Bd7 24. Bf4 Nxf4 25. Qxf4 Qxf4 26. gxf4 Rc8 27. Kf2 g6
28. e3 Kf8 29. Bf1 a6 30. h4 Rxc1 31. Rxc1 Rc8 32. Rxc8+ Bxc8 33. Bd3 Ne8 34.
f5 Kg7 35. Kg3 gxf5 36. Ne2 Be6 37. Nf4 Nf6 38. Bc2 a5 39. Ne2 Ne8 40. Kf2 Kf6
41. Ng3 Ng7 42. f4 Bd7 43. Bd1 b5 44. Nxh5+ Nxh5 45. Bxh5 b4 46. Bf3 Ke6 47. h5
a4 48. Bxd5+ Kf6 49. bxa4 Bxa4 50. Ke2 Bc2 51. Kd2 Bb1 52. Kc1 Bd3 53. Kb2 Be2
54. h6 Kg6 55. h7 Kxh7 56. Bxf7 Kg7 57. Bd5 Bd1 58. Bb3 Bf3 59. Bc2 Kf6 60. Bb3
Be2 61. Bd5 Bd1 62. Bc6 Ke6 63. Bb5 Kf6 64. Kc1 Bf3 65. Bc4 Ke7 66. Kc2 Kd6 67.
Kb3 Kc5 68. Bd3 Bd5+ 69. Kb2 Be6 70. Bc2 Bd7 71. Bb3 Bc8 72. Kc2 Bd7 73. Kd2
Bc8 74. Ke2 Ba6+ 75. Kf2 Kd6 76. Kg3 Ke7 77. Bg8 Bb5 78. Kf3 Kd6 79. Kf2 Ba6
80. Ke1 Bc8 81. Kd2 Kc5 82. Kc2 Bd7 83. Kb2 Bc8 84. Bb3 Bd7 85. Bc2 Be6 86. e4
fxe4 87. Bxe4 Kd4 88. Bc2 Bf7 89. Bb3 Be8 90. Be6 Ba4 91. Kc1 Ke4 92. f5 Ke5
93. Kd2 Bb5 94. Kc2 Ba4+ 95. Kd3 Bb5+ 96. Ke3 Bc6 97. Kd3 Bb5+ 98. Kd2 Bc6 99.
Kc2 Ba4+ 100. Kb2 Bd1 101. Bd7 Kf6 102. Kc1 Bg4 103. Kb2 Bxf5 104. Ba4 Ke5 105.
Bb3 Kd4 106. Bg8 Kc5 107. Bf7 Bd3 108. a3 bxa3+ 109. Kb3 Bc4+ 110. Bxc4 a2 111.
Kb2 Kxc4 112. Ka1 Kb3 1/2-1/2

[Event "US Masters"]
[Site "Greensboro USA"]
[Date "2019.08.21"]
[Round "1"]
[White "Chiku-Ratte, Olivier-Kenta"]
[Black "Yan, Benjamin"]
[Result "1-0"]
[WhiteElo "2361"]
[BlackElo "1952"]
[PlyCount "69"]
[EventDate "2019.08.21"]
[EventType "swiss"]
[EventRounds "9"]
[EventCountry "USA"]
[Source "ChessMix"]
[SourceDate "2019.09.01"]

1. d4 Nf6 2. c4 g6 3. Nc3 Bg7 4. e4 d6 5. h3 O-O 6. Be3 e5 7. d5 a5 8. g4 Na6
9. Nge2 Nc5 10. Ng3 Bd7 11. Be2 Ne8 12. Qd2 c6 13. O-O-O cxd5 14. exd5 Rc8 15.
Kb1 a4 16. h4 Qa5 17. h5 Rc7 18. hxg6 fxg6 19. Nce4 Qxd2 20. Rxd2 b6 21. f3 Bc8
22. Nxc5 bxc5 23. Ne4 Rb7 24. Bd1 Bd7 25. Rdh2 h5 26. gxh5 gxh5 27. Rxh5 a3 28.
b3 Bf5 29. Rg5 Bh7 30. Kc1 Rbf7 31. Rhg1 Kh8 32. Rh5 Bf6 33. Bc2 Rg8 34. Rgh1
Rg2 35. Rxh7+ 1-0

[Event "US Masters"]
[Site "Greensboro USA"]
[Date "2019.08.22"]
[Round "2"]
[White "Chiku-Ratte, Olivier-Kenta"]
[Black "Mikhalevski, Victor"]
[Result "1-0"]
[WhiteElo "2361"]
[BlackElo "2578"]
[PlyCount "95"]
[EventDate "2019.08.21"]
[EventType "swiss"]
[EventRounds "9"]
[EventCountry "USA"]
[Source "ChessMix"]
[SourceDate "2019.09.01"]

1. d4 Nf6 2. c4 g6 3. Nc3 d5 4. cxd5 Nxd5 5. e4 Nxc3 6. bxc3 Bg7 7. Nf3 c5 8.
Rb1 O-O 9. Be2 Nc6 10. d5 Ne5 11. Nxe5 Bxe5 12. Qd2 e6 13. f4 Bc7 14. O-O exd5
15. exd5 Ba5 16. f5 Bxf5 17. Rxb7 Qf6 18. Rf3 c4 19. g4 Qa6 20. gxf5 Qxb7 21.
f6 Bd8 22. Qh6 Bxf6 23. Rxf6 Rfe8 24. Be3 Re4 25. Bf3 Qb1+ 26. Kg2 Qc2+ 27. Bf2
Rd8 28. Qg5 Ree8 29. Qf4 Qxc3 30. Bd4 Qc2+ 31. Kg3 Rd7 32. Rc6 f5 33. Rc7 Rxc7
34. Qxc7 f4+ 35. Qxf4 Qb1 36. d6 Qe1+ 37. Bf2 Qe6 38. Qd4 Kf8 39. Qh8+ Kf7 40.
Qxh7+ Kf8 41. d7 Qe5+ 42. Kg2 Rd8 43. Bg3 Qd4 44. Bc6 Qd2+ 45. Kh3 Qd3 46. Qh8+
Kf7 47. Qxd8 Qf1+ 48. Kh4 1-0

[Event "US Masters"]
[Site "Greensboro USA"]
[Date "2019.08.22"]
[Round "3"]
[White "Zierk, Steven"]
[Black "Chiku-Ratte, Olivier-Kenta"]
[Result "1-0"]
[WhiteElo "2505"]
[BlackElo "2361"]
[PlyCount "79"]
[EventDate "2019.08.21"]
[EventType "swiss"]
[EventRounds "9"]
[EventCountry "USA"]
[Source "ChessMix"]
[SourceDate "2019.09.01"]

1. e4 c5 2. Nf3 Nc6 3. d4 cxd4 4. Nxd4 e6 5. Nb5 d6 6. c4 Nf6 7. N1c3 a6 8. Na3
Be7 9. Be2 O-O 10. O-O b6 11. Be3 Nd7 12. f4 Nc5 13. Bf3 Bb7 14. Nc2 Bf6 15.
Qd2 Na5 16. b3 Bxc3 17. Qxc3 Nxe4 18. Qd4 Nf6 19. Qxb6 Bxf3 20. Rxf3 Qxb6 21.
Bd4 Qc5 22. Bxc5 Nc6 23. Bb6 d5 24. f5 e5 25. Nd4 Nxd4 26. Bxd4 dxc4 27. bxc4
Rac8 28. Rc1 Rc6 29. h3 Nd7 30. Rd3 Nf6 31. Bxe5 Rfc8 32. Rg3 Rf8 33. c5 g6 34.
Rd3 Nd5 35. Rb3 g5 36. Rb8 Nc3 37. h4 Rd6 38. h5 h6 39. g4 Rd4 40. Kg2 1-0

[Event "US Masters"]
[Site "Greensboro USA"]
[Date "2019.08.24"]
[Round "7"]
[White "Dragun, Kamil"]
[Black "Chiku-Ratte, Olivier-Kenta"]
[Result "1-0"]
[WhiteElo "2614"]
[BlackElo "2361"]
[PlyCount "87"]
[EventDate "2019.08.21"]
[EventType "swiss"]
[EventRounds "9"]
[EventCountry "USA"]
[Source "ChessMix"]
[SourceDate "2019.09.01"]

1. d4 Nf6 2. c4 g6 3. Nc3 Bg7 4. e4 d6 5. Nf3 O-O 6. Be2 e5 7. O-O Na6 8. Be3
c6 9. d5 Ng4 10. Bg5 f6 11. Bh4 c5 12. Ne1 h5 13. Nd3 Nh6 14. f3 Nf7 15. Rb1
Bh6 16. a3 Be3+ 17. Kh1 Kg7 18. b4 Qe7 19. Qe1 g5 20. Bd1 Bd4 21. Bf2 h4 22.
Nb5 Bxf2 23. Rxf2 b6 24. Nc3 Bd7 25. Ba4 Bxa4 26. Nxa4 Rac8 27. bxc5 Nxc5 28.
Ndxc5 dxc5 29. Nc3 Nd6 30. Qf1 f5 31. exf5 Rxf5 32. Re1 Rcf8 33. Ne4 g4 34.
Nxd6 Qxd6 35. Re4 Qg6 36. h3 gxf3 37. gxf3 Qg3 38. Rg4+ Kh8 39. Rxg3 hxg3 40.
Rg2 Rxf3 41. Qe2 Rf1+ 42. Rg1 R8f2 43. Qxe5+ Kh7 44. Qxg3 1-0

[Event "Montreal Summer Classic"]
[Site "Montreal CAN"]
[Date "2019.07.31"]
[Round "1.3"]
[White "Ragnarsson, Dagur"]
[Black "Chiku-Ratte, Olivier-Kenta"]
[Result "0-1"]
[WhiteElo "2391"]
[BlackElo "2364"]
[PlyCount "170"]
[EventDate "2019.07.31"]
[EventType "tourn"]
[EventRounds "9"]
[EventCountry "CAN"]
[EventCategory "3"]
[Source "Mark Crowther"]
[SourceDate "2019.08.05"]

1. d4 Nf6 2. c4 g6 3. Nc3 Bg7 4. e4 d6 5. h3 O-O 6. Bg5 c5 7. d5 e6 8. Bd3 h6
9. Be3 exd5 10. cxd5 Re8 11. Nf3 c4 12. Bc2 b5 13. a3 a6 14. O-O Nbd7 15. Qd2
Kh7 16. Rfe1 Bb7 17. Re2 Qc7 18. Nd4 Nc5 19. f3 Nfd7 20. f4 Nd3 21. b4 Nf6 22.
Bxd3 cxd3 23. Qxd3 Qc4 24. Qxc4 bxc4 25. Bf2 Nh5 26. f5 gxf5 27. exf5 Nf4 28.
Rc2 Nxd5 29. Nxd5 Bxd5 30. Rac1 Rg8 31. g4 Be5 32. Ne2 Be4 33. Rxc4 Bd3 34. Nd4
Bxc4 35. Rxc4 h5 36. Nf3 hxg4 37. hxg4 Rac8 38. Re4 f6 39. g5 Rc1+ 40. Kg2 fxg5
41. Nxe5 dxe5 42. Rxe5 Rc2 43. Kf3 Rc3+ 44. Kg4 Rc4+ 45. Kh5 g4 46. Bg3 Rg7 47.
Re6 Rc1 48. Rh6+ Kg8 49. Rg6 Rxg6 50. fxg6 Rc4 51. Kg5 Rd4 52. Kf5 Rc4 53. Kg5
Rc3 54. Kxg4 Rxa3 55. Bd6 Rd3 56. Be5 Rd5 57. Kf4 Rd1 58. Ke4 Rg1 59. g7 Rg4+
60. Bf4 Kxg7 61. Ke5 Kf7 62. Bd2 Rg2 63. Bc3 Ke7 64. Kd5 Kd7 65. Bd4 Rc2 66.
Bc5 Kc7 67. Bd4 Kb7 68. Bc5 Rc1 69. Bd4 Rh1 70. Be3 Kc7 71. Bd4 Rh5+ 72. Kc4
Kc6 73. Bf6 Rh7 74. Bd8 Rf7 75. Bg5 Rg7 76. Bd2 Rg4+ 77. Kd3 Kb5 78. Be1 Rg1
79. Ke2 Kc4 80. Bd2 Rg8 81. Ke3 Re8+ 82. Kf2 Kd3 83. Bf4 Kc3 84. Bd6 Re4 85.
Kf3 Rxb4 0-1

[Event "Montreal Summer Classic"]
[Site "Montreal CAN"]
[Date "2019.08.01"]
[Round "2.3"]
[White "Chiku-Ratte, Olivier-Kenta"]
[Black "Rosen, Eric"]
[Result "1/2-1/2"]
[WhiteElo "2364"]
[BlackElo "2345"]
[PlyCount "83"]
[EventDate "2019.07.31"]
[EventType "tourn"]
[EventRounds "9"]
[EventCountry "CAN"]
[EventCategory "3"]
[Source "Mark Crowther"]
[SourceDate "2019.08.05"]

1. d4 Nf6 2. c4 e6 3. Nf3 d5 4. Nc3 Be7 5. Bg5 O-O 6. e3 a6 7. cxd5 exd5 8. Bd3
Nbd7 9. Qc2 Re8 10. O-O-O Nf8 11. h3 b5 12. Kb1 Bb7 13. Ne5 c5 14. dxc5 Bxc5
15. Ng4 Be7 16. Bf5 Nxg4 17. hxg4 Bxg5 18. Bxh7+ Nxh7 19. Qxh7+ Kf8 20. Qh8+
Ke7 21. Qh5 Bf6 22. Nxd5+ Bxd5 23. Rxd5 g6 24. Rxd8 gxh5 25. Rxa8 Rxa8 26. gxh5
Rd8 27. Kc2 Rc8+ 28. Kb1 Rg8 29. g3 Be5 30. f4 Bd6 31. h6 f5 32. h7 Rh8 33. Rh5
Ke6 34. Kc2 Bf8 35. Kd3 Bg7 36. e4 fxe4+ 37. Kxe4 Bxb2 38. Rh6+ Kf7 39. Rxa6
Rxh7 40. Rb6 Rh2 41. Rxb5 Ba3 42. Ra5 1/2-1/2

[Event "Montreal Summer Classic"]
[Site "Montreal CAN"]
[Date "2019.08.01"]
[Round "3.4"]
[White "Yu, Zong Yang"]
[Black "Chiku-Ratte, Olivier-Kenta"]
[Result "1-0"]
[WhiteElo "2396"]
[BlackElo "2364"]
[PlyCount "117"]
[EventDate "2019.07.31"]
[EventType "tourn"]
[EventRounds "9"]
[EventCountry "CAN"]
[EventCategory "3"]
[Source "Mark Crowther"]
[SourceDate "2019.08.05"]

1. d4 Nf6 2. c4 g6 3. Nc3 Bg7 4. e4 d6 5. Nf3 O-O 6. Be3 Na6 7. h3 c6 8. Bd3 e5
9. d5 Nh5 10. O-O Nf4 11. Bc2 Qf6 12. Kh1 Nb4 13. Bb1 c5 14. a3 Na6 15. Bc2 h5
16. Ng1 h4 17. Kh2 Qe7 18. Qd2 Kh7 19. g3 Nh5 20. Bd1 hxg3+ 21. fxg3 Nf6 22.
Bg5 Nc7 23. Ba4 a6 24. Rf2 b5 25. Bc2 Rb8 26. Raf1 Nce8 27. b3 Rh8 28. Kg2 Kg8
29. h4 Bg4 30. Nd1 Bxd1 31. Qxd1 Qb7 32. Nh3 Nh7 33. Rxf7 Qxf7 34. Rxf7 Kxf7
35. Qg4 Nf8 36. Qf3+ Nf6 37. Nf2 N8h7 38. Bc1 bxc4 39. bxc4 Rhc8 40. g4 Kg8 41.
Qh3 Nf8 42. h5 gxh5 43. gxh5 Rc7 44. h6 Bh8 45. Bd1 Rf7 46. Qg3+ Kh7 47. Nh3
Rfb7 48. Bg4 Nxg4 49. Qxg4 Rb1 50. Ng5+ Kg8 51. h7+ Kg7 52. Nf7+ Kxf7 53. Qg8+
Ke8 54. Qxh8 Rxc1 55. Qxf8+ Kxf8 56. h8=Q+ Ke7 57. Qxb8 Rxc4 58. Qc7+ Ke8 59.
Qxd6 1-0

[Event "Montreal Summer Classic"]
[Site "Montreal CAN"]
[Date "2019.08.02"]
[Round "4.2"]
[White "Chiku-Ratte, Olivier-Kenta"]
[Black "Duong, Thanh Nha"]
[Result "1-0"]
[WhiteElo "2364"]
[BlackElo "2230"]
[PlyCount "45"]
[EventDate "2019.07.31"]
[EventType "tourn"]
[EventRounds "9"]
[EventCountry "CAN"]
[EventCategory "3"]
[Source "Mark Crowther"]
[SourceDate "2019.08.05"]

1. d4 Nf6 2. c4 g6 3. Nc3 d5 4. cxd5 Nxd5 5. e4 Nxc3 6. bxc3 Bg7 7. Nf3 c5 8.
Rb1 O-O 9. Be2 cxd4 10. cxd4 b6 11. O-O e6 12. Bg5 f6 13. Be3 Nc6 14. Rc1 Na5
15. d5 exd5 16. exd5 Bb7 17. d6 Rc8 18. Bf4 Rxc1 19. Qxc1 Re8 20. Bb5 Re4 21.
d7 Rxf4 22. Qxf4 Nc6 23. Bxc6 1-0

[Event "Montreal Summer Classic"]
[Site "Montreal CAN"]
[Date "2019.08.02"]
[Round "5.5"]
[White "Rodrigue-Lemieux, Shawn"]
[Black "Chiku-Ratte, Olivier-Kenta"]
[Result "1/2-1/2"]
[WhiteElo "2257"]
[BlackElo "2364"]
[PlyCount "40"]
[EventDate "2019.07.31"]
[EventType "tourn"]
[EventRounds "9"]
[EventCountry "CAN"]
[EventCategory "3"]
[Source "Mark Crowther"]
[SourceDate "2019.08.05"]

1. Nf3 Nf6 2. d4 c5 3. c3 g6 4. Bg5 b6 5. Qb3 Bg7 6. e4 Bb7 7. e5 Ne4 8. Be3
cxd4 9. cxd4 O-O 10. Bd3 d5 11. O-O Nc6 12. Nbd2 Nxd2 13. Nxd2 Rc8 14. Rfc1 Qd7
15. f4 e6 16. Bb5 Rc7 17. Rc3 Rfc8 18. Rac1 a6 19. Bxc6 Rxc6 20. Kf2 Bf8
1/2-1/2

[Event "Montreal Summer Classic"]
[Site "Montreal CAN"]
[Date "2019.08.03"]
[Round "7.5"]
[White "Chiku-Ratte, Olivier-Kenta"]
[Black "Giannatos, Peter"]
[Result "0-1"]
[WhiteElo "2364"]
[BlackElo "2259"]
[PlyCount "68"]
[EventDate "2019.07.31"]
[EventType "tourn"]
[EventRounds "9"]
[EventCountry "CAN"]
[EventCategory "3"]
[Source "Mark Crowther"]
[SourceDate "2019.08.05"]

1. d4 d5 2. c4 e6 3. Nc3 Nf6 4. cxd5 exd5 5. Bg5 c6 6. e3 Bd6 7. Bd3 O-O 8. Qc2
h6 9. Bh4 Re8 10. O-O-O a5 11. Nf3 Na6 12. a3 b5 13. Ne2 Bd7 14. Bg3 Bf8 15.
Ne5 b4 16. Nxd7 Qxd7 17. a4 Qb7 18. b3 c5 19. Kb1 Rac8 20. Bf5 Rc6 21. dxc5 g6
22. Bd3 Rxc5 23. Qd2 Bg7 24. Nd4 Rc3 25. Rc1 Rec8 26. Nb5 Rxb3+ 27. Ka2 Rcc3
28. Bc2 Ra3+ 29. Nxa3 Rxa3+ 30. Kb1 Ne4 31. Bxe4 Ra1+ 32. Kc2 Ra2+ 33. Kb3 Rxd2
34. Bc2 Nc5+ 0-1

[Event "Montreal Summer Classic"]
[Site "Montreal CAN"]
[Date "2019.08.04"]
[Round "8.2"]
[White "Eckert, Doug"]
[Black "Chiku-Ratte, Olivier-Kenta"]
[Result "1-0"]
[WhiteElo "2123"]
[BlackElo "2364"]
[PlyCount "75"]
[EventDate "2019.07.31"]
[EventType "tourn"]
[EventRounds "9"]
[EventCountry "CAN"]
[EventCategory "3"]
[Source "Mark Crowther"]
[SourceDate "2019.08.05"]

1. c4 f5 2. d4 Nf6 3. Nc3 g6 4. h4 Bg7 5. h5 Nxh5 6. e4 Nf6 7. exf5 gxf5 8. Be2
O-O 9. Qd3 d6 10. Bg5 Nc6 11. O-O-O Qe8 12. f4 e5 13. Nd5 Nxd5 14. cxd5 Nxd4
15. Qh3 Nxe2+ 16. Nxe2 Qg6 17. Rd3 Kf7 18. Rg3 Bd7 19. fxe5 dxe5 20. Bd2 Qf6
21. Qh5+ Qg6 22. Rxg6 hxg6 23. Qf3 c6 24. Qb3 Rab8 25. Bc3 cxd5 26. Rh7 Kg8 27.
Rxg7+ Kxg7 28. Bxe5+ Kf7 29. Bxb8 Rc8+ 30. Kb1 Rxb8 31. Qxd5+ Be6 32. Qa5 Rc8
33. Nf4 Bc4 34. b3 Ba6 35. Qd5+ Ke7 36. Qe6+ Kd8 37. Qd6+ Ke8 38. Qxg6+ 1-0

[Event "Montreal Summer Classic"]
[Site "Montreal CAN"]
[Date "2019.08.04"]
[Round "9.4"]
[White "Chiku-Ratte, Olivier-Kenta"]
[Black "Kaufman, Raymond"]
[Result "1-0"]
[WhiteElo "2364"]
[BlackElo "2301"]
[PlyCount "119"]
[EventDate "2019.07.31"]
[EventType "tourn"]
[EventRounds "9"]
[EventCountry "CAN"]
[EventCategory "3"]
[Source "Mark Crowther"]
[SourceDate "2019.08.05"]

1. d4 d5 2. c4 c6 3. Nf3 Nf6 4. e3 Bg4 5. h3 Bh5 6. Nc3 e6 7. g4 Bg6 8. Ne5
Nbd7 9. Nxg6 hxg6 10. Bd3 dxc4 11. Bxc4 Bb4 12. Qf3 Qe7 13. Bd2 g5 14. O-O-O
O-O-O 15. Kb1 Kb8 16. Bb3 Bd6 17. e4 e5 18. Bxg5 exd4 19. Rxd4 Ne5 20. Qf5
Nexg4 21. Rhd1 Ne5 22. f4 Nf3 23. R4d3 Nxg5 24. fxg5 Nh5 25. Bxf7 g6 26. Qe6
Qxe6 27. Bxe6 Be7 28. Rxd8+ Rxd8 29. Rxd8+ Bxd8 30. Ne2 Bxg5 31. Bf7 Nf4 32.
Nxf4 Bxf4 33. Bxg6 Kc7 34. Kc2 Kd6 35. Kd3 Ke5 36. Bf5 a5 37. b3 Bh6 38. Bc8 b6
39. Bb7 Kd6 40. Ke2 b5 41. Kf3 c5 42. Ba6 b4 43. Ke2 Ke5 44. Kd3 Bg5 45. Bc8
Bh4 46. Bf5 Bf2 47. Kc4 Bg1 48. h4 Be3 49. h5 Kd6 50. Kb5 Bh6 51. Kxa5 Ke5 52.
Kb5 Kd6 53. Kb6 Bf4 54. Kb7 Be3 55. Kc8 Bg5 56. Bd7 Ke5 57. Kc7 Kxe4 58. Kd6
Bh6 59. Ke6 Kd4 60. Bb5 1-0

[Event "Quebec op"]
[Site "Longueuil CAN"]
[Date "2019.07.26"]
[Round "8.5"]
[White "Chiku-Ratte, Olivier-Kenta"]
[Black "Prahov, Valentin"]
[Result "1-0"]
[WhiteElo "2364"]
[BlackElo "2055"]
[PlyCount "63"]
[EventDate "2019.07.20"]
[EventType "swiss"]
[EventRounds "9"]
[EventCountry "CAN"]

1. d4 Nf6 2. c4 g6 3. Nc3 d5 4. cxd5 Nxd5 5. e4 Nxc3 6. bxc3 Bg7 7. Nf3 O-O 8.
Be2 c5 9. Rb1 Nc6 10. d5 Bxc3+ 11. Bd2 Bxd2+ 12. Qxd2 Na5 13. h4 f6 14. h5 g5
15. h6 Kh8 16. Qc3 Rg8 17. Qxc5 b6 18. Qc3 Bd7 19. Ne5 Be8 20. Bg4 Qd6 21. Nd3
Rd8 22. Be6 Rg6 23. e5 Qb8 24. O-O Rxh6 25. f4 g4 26. d6 Qb7 27. Nc5 Qc6 28.
dxe7 Rd3 29. Qxd3 Qxc5+ 30. Rf2 Rh1+ 31. Kxh1 Qxf2 32. Qd8 1-0

[Event "World op"]
[Site "Philadelphia USA"]
[Date "2019.07.04"]
[Round "2.1"]
[White "Le Quang, Liem"]
[Black "Chiku-Ratte, Olivier-Kenta"]
[Result "1-0"]
[WhiteElo "2713"]
[BlackElo "2364"]
[PlyCount "86"]
[EventDate "2019.07.03"]
[EventType "swiss"]
[EventRounds "9"]
[EventCountry "USA"]

1. e4 c5 2. Nc3 Nc6 3. Nf3 g6 4. d4 cxd4 5. Nxd4 Bg7 6. Be3 Nf6 7. Bc4 Qa5 8.
O-O O-O 9. Bb3 d6 10. h3 Bd7 11. Qd3 Nxd4 12. Bxd4 Bc6 13. Nd5 Nxd5 14. exd5
Bb5 15. c4 Bxd4 16. Qxd4 Bd7 17. Rae1 Rfe8 18. Re4 e5 19. dxe6 Bxe6 20. Qxd6
Rad8 21. Qf4 Bf5 22. Rxe8+ Rxe8 23. Rd1 Re1+ 24. Rxe1 Qxe1+ 25. Kh2 b6 26. c5
bxc5 27. Qc7 Be6 28. Qxc5 Bxb3 29. axb3 Qa1 30. Qa3 Qc1 31. Qxa7 Qxb2 32. Qb6
Qe5+ 33. g3 h5 34. h4 Kg7 35. b4 Qf5 36. Qc5 Qxc5 37. bxc5 Kf6 38. g4 hxg4 39.
Kg3 Ke6 40. Kxg4 f6 41. h5 gxh5+ 42. Kxh5 f5 43. Kg5 Kd5 1-0

[Event "Laval op"]
[Site "Laval CAN"]
[Date "2019.06.21"]
[Round "1.2"]
[White "Abdelaal, Ibrahim"]
[Black "Chiku-Ratte, Olivier-Kenta"]
[Result "0-1"]
[WhiteElo "1903"]
[BlackElo "2364"]
[PlyCount "104"]
[EventDate "2019.06.21"]
[EventType "swiss"]
[EventRounds "5"]
[EventCountry "CAN"]

1. e4 d6 2. d4 Nf6 3. Nc3 g6 4. Bg5 Bg7 5. Qd2 h6 6. Bh4 c6 7. Bd3 e5 8. dxe5
dxe5 9. Nf3 Qc7 10. h3 Nh5 11. Ne2 O-O 12. Bg3 Nxg3 13. Nxg3 Nd7 14. O-O Nc5
15. Rad1 Nxd3 16. Qxd3 Qa5 17. a3 Be6 18. b4 Qb5 19. Rfe1 Rfc8 20. Nf1 a5 21.
Ne3 Qxd3 22. Rxd3 axb4 23. axb4 Ra4 24. c3 Ra3 25. Red1 Kf8 26. g4 Ke7 27. Kg2
Rca8 28. Nd2 b5 29. Nf3 Rb3 30. Nd2 Rb2 31. Rb1 Rxb1 32. Nxb1 Bf6 33. Nd2 Bg5
34. Nf3 Bf4 35. Ng1 Ra2 36. Kf3 Bxe3 37. Rxe3 Bc4 38. Ne2 Rc2 39. Ng3 Kd6 40.
h4 Be6 41. Rd3+ Kc7 42. h5 Bc4 43. hxg6 fxg6 44. Re3 Kd6 45. Kg2 Be6 46. Rd3+
Ke7 47. Kf3 Bc4 48. Re3 Kf6 49. Nh1 Kg5 50. Ng3 Be6 51. Nf1 Bxg4+ 52. Kg3 h5
0-1

[Event "Laval op"]
[Site "Laval CAN"]
[Date "2019.06.22"]
[Round "2.2"]
[White "Chiku-Ratte, Olivier-Kenta"]
[Black "Tomb, Maroun"]
[Result "1-0"]
[WhiteElo "2364"]
[BlackElo "2105"]
[PlyCount "39"]
[EventDate "2019.06.21"]
[EventType "swiss"]
[EventRounds "5"]
[EventCountry "CAN"]

1. d4 Nf6 2. c4 e6 3. Nf3 Bb4+ 4. Bd2 Qe7 5. Nc3 O-O 6. g3 b6 7. Bg2 Bb7 8. O-O
d6 9. d5 e5 10. Nh4 Bxc3 11. Bxc3 a5 12. Nf5 Qd8 13. e4 Nbd7 14. Qe2 Nc5 15. f4
Re8 16. fxe5 dxe5 17. Rad1 g6 18. Nh6+ Kg7 19. Bd2 Qd6 20. Rf2 1-0

[Event "Laval op"]
[Site "Laval CAN"]
[Date "2019.06.22"]
[Round "3.2"]
[White "Nunez-Painchaud, Raphael"]
[Black "Chiku-Ratte, Olivier-Kenta"]
[Result "0-1"]
[WhiteElo "1962"]
[BlackElo "2364"]
[PlyCount "60"]
[EventDate "2019.06.21"]
[EventType "swiss"]
[EventRounds "5"]
[EventCountry "CAN"]

1. d4 f5 2. c4 Nf6 3. Nf3 e6 4. Bf4 Be7 5. h3 O-O 6. e3 Ne4 7. Bd3 b6 8. Bxe4
fxe4 9. Nfd2 d5 10. O-O Nc6 11. a3 Nxd4 12. Bh2 Nf5 13. cxd5 exd5 14. Qb3 Kh8
15. Rd1 Be6 16. Qc2 Bd6 17. Bxd6 Nxd6 18. Nc3 Qg5 19. Nf1 Bxh3 20. Ng3 Be6 21.
Nce2 c5 22. Nf4 Bg8 23. Rd2 Nc4 24. Re2 Ne5 25. Rd1 Ng4 26. Nxe4 dxe4 27. Qxe4
Rae8 28. Qf3 Qh4 29. Red2 Qh2+ 30. Kf1 Bc4+ 0-1

[Event "Laval op"]
[Site "Laval CAN"]
[Date "2019.06.23"]
[Round "4.1"]
[White "Chiku-Ratte, Olivier-Kenta"]
[Black "Martinez Mulet, Dario Leonel"]
[Result "1-0"]
[WhiteElo "2364"]
[BlackElo "2123"]
[PlyCount "69"]
[EventDate "2019.06.21"]
[EventType "swiss"]
[EventRounds "5"]
[EventCountry "CAN"]

1. d4 d5 2. c4 c6 3. Nf3 Nf6 4. e3 e6 5. Bd3 Nbd7 6. b3 Be7 7. O-O O-O 8. Bb2
b6 9. Nbd2 Bb7 10. Ne5 c5 11. f4 Ne4 12. Nxe4 dxe4 13. Bc2 f5 14. Qe2 Nxe5 15.
fxe5 Qc7 16. Rad1 Rad8 17. Kh1 Qc6 18. b4 cxd4 19. exd4 b5 20. c5 f4 21. Rde1
f3 22. Qe3 fxg2+ 23. Kxg2 Rf3 24. Qxe4 Qxe4 25. Bxe4 Bxe4 26. Rxe4 Rd3 27. Re2
Ra8 28. Rf3 Rd1 29. Rc2 h5 30. a3 g5 31. h3 Kg7 32. Rcf2 Re8 33. c6 Bd8 34.
Rf7+ Kg6 35. c7 1-0

[Event "Laval op"]
[Site "Laval CAN"]
[Date "2019.06.23"]
[Round "5.1"]
[White "Saha, Ananda"]
[Black "Chiku-Ratte, Olivier-Kenta"]
[Result "0-1"]
[WhiteElo "2059"]
[BlackElo "2364"]
[PlyCount "112"]
[EventDate "2019.06.21"]
[EventType "swiss"]
[EventRounds "5"]
[EventCountry "CAN"]

1. d4 Nf6 2. Bg5 c5 3. Nc3 Qa5 4. Bxf6 gxf6 5. e3 cxd4 6. Qxd4 Nc6 7. Qd5 Qc7
8. O-O-O a6 9. Nf3 e6 10. Qe4 f5 11. Qf4 Qxf4 12. exf4 d5 13. Re1 Be7 14. Ne5
Bd7 15. g3 Rc8 16. Nxc6 Bxc6 17. Bg2 b5 18. Rd1 Bc5 19. Rd2 O-O 20. Nd1 Rc7 21.
Kb1 a5 22. h3 Ba8 23. g4 fxg4 24. hxg4 Bd6 25. f5 Bf4 26. Rd3 Rfc8 27. c3 b4
28. fxe6 fxe6 29. Re1 Re8 30. Kc2 bxc3 31. bxc3 Kf7 32. Rd4 Bh6 33. f4 Bg7 34.
Rd3 Rc5 35. Kd2 Rb8 36. Rh1 h6 37. Bf3 Bc6 38. Bg2 Bb5 39. Rg3 d4 40. cxd4 Bxd4
41. Rh5 Rd8 42. Ke1 Rxh5 43. gxh5 Bf6 44. Rg4 Bd3 45. Bf3 Bf5 46. Rg2 Bh4+ 47.
Ke2 Rd4 48. Nc3 Rxf4 49. Nb5 Be7 50. Ke3 Rb4 51. Be2 Bc5+ 52. Kd2 Rb2+ 53. Kc3
Rxa2 54. Kc4 Rc2+ 55. Kb3 Bd3 56. Bf1 Rxg2 0-1

[Event "Eastern Ontario op"]
[Site "Ottawa CAN"]
[Date "2019.06.14"]
[Round "1.2"]
[White "Chiku-Ratte, Olivier-Kenta"]
[Black "Molnar, Jozsef"]
[Result "1-0"]
[WhiteElo "2465"]
[BlackElo "2106"]
[PlyCount "89"]
[EventDate "2019.06.14"]
[EventType "swiss"]
[EventRounds "5"]
[EventCountry "CAN"]

1. d4 Nf6 2. c4 g6 3. Nc3 d5 4. cxd5 Nxd5 5. e4 Nxc3 6. bxc3 Bg7 7. Nf3 c5 8.
Rb1 O-O 9. Be2 Nc6 10. d5 Ne5 11. Nxe5 Bxe5 12. Qd2 Qa5 13. Rb3 Bd7 14. f4 Bg7
15. c4 Qxd2+ 16. Bxd2 b6 17. e5 e6 18. Bf3 exd5 19. cxd5 c4 20. Re3 Bf5 21. O-O
Bd3 22. Be2 Bxe2 23. Rxe2 b5 24. Ba5 Rfb8 25. a3 Rb7 26. g4 Re8 27. Rfe1 Bf8
28. d6 Rd7 29. Bb4 Ra8 30. f5 a5 31. Bc3 Rb7 32. Rd1 b4 33. axb4 axb4 34. Rb2
Rab8 35. Rxb4 Rxb4 36. Bxb4 Rxb4 37. d7 Be7 38. d8=Q+ Bxd8 39. Rxd8+ Kg7 40.
f6+ Kh6 41. e6 c3 42. exf7 Rxg4+ 43. Kh1 c2 44. f8=Q+ Kh5 45. Qc5+ 1-0